Public finance in under-developed countries / (Record no. 128169)

MARC details
000 -LEADER
fixed length control field 00596nam a22002177a 4500
005 - DATE AND TIME OF LATEST TRANSACTION
control field 20170124110035.0
010 ## - LIBRARY OF CONGRESS CONTROL NUMBER
LC control number A-447050
020 ## - INTERNATIONAL STANDARD BOOK NUMBER
Terms of availability 00.00
035 ## - SYSTEM CONTROL NUMBER
System control number A-447050
037 ## - SOURCE OF ACQUISITION
Source of stock number/acquisition Cen Lib/Ret
040 ## - CATALOGING SOURCE
Original cataloging agency DPL
Language of cataloging EN
082 ## - DEWEY DECIMAL CLASSIFICATION NUMBER
Classification number 336
Item number PRE
100 ## - MAIN ENTRY--PERSONAL NAME
Personal name Prest, A. R
9 (RLIN) 22590
245 ## - TITLE STATEMENT
Title Public finance in under-developed countries /
Statement of responsibility, etc by A. R. Prest
260 ## - PUBLICATION, DISTRIBUTION, ETC. (IMPRINT)
Place of publication, distribution, etc Bombay
Name of publisher, distributor, etc Allied Publishers
Date of publication, distribution, etc 1962
300 ## - PHYSICAL DESCRIPTION
Extent 164p.
Dimensions 21cm(Hb)
500 ## - GENERAL NOTE
General note Includes index
650 ## - SUBJECT ADDED ENTRY--TOPICAL TERM
Topical term or geographic name as entry element Developing countries
9 (RLIN) 6550
650 ## - SUBJECT ADDED ENTRY--TOPICAL TERM
Topical term or geographic name as entry element Finance, Public
9 (RLIN) 10342
942 ## - ADDED ENTRY ELEMENTS (KOHA)
Source of classification or shelving scheme Dewey Decimal Classification
Koha item type English Books
Classification part 336
Call number suffix PRE
Holdings
Withdrawn status Lost status Damaged status Not for loan Home library Current library Date acquired Source of acquisition Cost, normal purchase price Total Checkouts Full call number Barcode Date last seen Copy number Cost, replacement price Price effective from Koha item type Public note
Written off       Central Library Central Library 01/07/2015 Cen Lib/Ret 0.00   336 PRE A-447050 01/07/2015 1 0.00 01/07/2015 English Books Written off on approval by DLB (By Circulation); dtd 15-06-2023

© Delhi Public Library
Hit Counter
free hit counter